000 00831nam a2200241 a 4500
001 000020134
005 20200929170301.0
008 100722s1946 ag 001 f spa d
040 _aDO-SdBNP
_bspa
_cBNPHU
082 _aCu863.42
_bI59s, 1946
100 1 _aInsúa, Alberto,
_d1883-1963
_941856
245 1 3 _aLa sombra de Peter Wald :
_bsegunda parte de "El negro que tenía el alma blanca" /
_cAlberto Insúa.
250 _a2a ed.
260 _aBuenos Aires, Argentina :
_bEspasa-Calpe Argentina,
_c1946.
300 _a233 p. ;
_c18 cm.
490 1 _aAustral. Azul: novelas y cuentos en general
_v328
500 _aIncluye índice de autores.
650 4 _aNovela cubana
_92316
650 4 _aLiteratura cubana
_91483
830 0 _aAustral.
_pAzul : novelas y cuentos en general ;
_v328
_922386
910 _aWM
049 _aBNGR
999 _c19642
_d19642